Introduction to comparative politics / (Record no. 184913)

000 -LEADER
fixed length control field 00907 a2200253 4500
003 - CONTROL NUMBER IDENTIFIER
control field Nust
005 - DATE AND TIME OF LATEST TRANSACTION
control field 20230303091630.0
010 ## - LIBRARY OF CONGRESS CONTROL NUMBER
LC control number 95079140
020 ## - INTERNATIONAL STANDARD BOOK NUMBER
International Standard Book Number 0669332003
035 ## - SYSTEM CONTROL NUMBER
System control number (OCoLC)35096349
040 ## - CATALOGING SOURCE
Transcribing agency Nust
082 00 - DEWEY DECIMAL CLASSIFICATION NUMBER
Classification number 320.321,MAN
245 00 - TITLE STATEMENT
Title Introduction to comparative politics /
Statement of responsibility, etc. general editors Mark Kesselman, Joel Krieger, William A. Joseph.
250 ## - EDITION STATEMENT
Edition statement 4th ed
260 ## - PUBLICATION, DISTRIBUTION, ETC.
Place of publication, distribution, etc. Lexington, Mass. :
Name of publisher, distributor, etc. D. C. Heath,
Date of publication, distribution, etc. c1996.
300 ## - PHYSICAL DESCRIPTION
Extent xxiv, 741, 29 p. :
Other physical details ill., maps ;
Dimensions 24 cm.
505 ## - FORMATTED CONTENTS NOTE
Formatted contents note Part-I Introduction (Page-2), Part-2 Consolidated (Page-36), Part-3 Transitional Democracies (Page-352), Part-4 Authoritarian Regimes (Page- 576).
650 #0 - SUBJECT ADDED ENTRY--TOPICAL TERM
Topical term or geographic name entry element Comparative economics.
9 (RLIN) 105456
650 #0 - SUBJECT ADDED ENTRY--TOPICAL TERM
Topical term or geographic name entry element Comparative government.
9 (RLIN) 1703
700 1# - ADDED ENTRY--PERSONAL NAME
Personal name Joseph, William A.
9 (RLIN) 105252
700 1# - ADDED ENTRY--PERSONAL NAME
Personal name Kesselman, Mark.
9 (RLIN) 42721
700 1# - ADDED ENTRY--PERSONAL NAME
Personal name Krieger, Joel,
Dates associated with a name 1951-
9 (RLIN) 105253
942 ## - ADDED ENTRY ELEMENTS (KOHA)
Source of classification or shelving scheme
Koha item type Book
Holdings
Withdrawn status Lost status Source of classification or shelving scheme Damaged status Not for loan Permanent Location Current Location Shelving location Date acquired Full call number Barcode Date last seen Price effective from Koha item type Public note
          Military College of Signals (MCS) Military College of Signals (MCS) General Stacks 12/12/2016 320.321,MAN MCS34352 12/08/2016 12/12/2016 Book Almirah No.73, Shelf No.4
© 2023 Central Library, National University of Sciences and Technology. All Rights Reserved.